Pokemon Villains - Statistics

General Stats
  • This quiz has been taken 106 times
  • The average score is 4 of 12
Answer Stats
Hint Answer % Correct
Team Rocket Giovanni
99%
Team Aqua Archie
81%
Team Galactic Cyrus
68%
Team Magma Maxie
67%
Team Flare Lysandre
61%
Team Plasma Ghetsis
21%
Cipher (XD) Greevil
14%
Team Dim Sun Blake
10%
Go Rock Squad Gordor
10%
Pokemon Pinchers Purple Eyes
10%
Cipher Evice
7%
Ransei Region Nobunga
1%
No matching quizzes found
Score Distribution
Percent of People with Each Score
Percentile by Number Answered
Your Score History
You have not taken this quiz